| 000 | 01048 am a22002893u 4500 | ||
|---|---|---|---|
| 001 | 009688503 | ||
| 005 | 20140302115446.0 | ||
| 008 | 731212s1973 xxkadk grb 001 0 eng d | ||
| 020 | _a0700202323 (pbk) | ||
| 040 |
_aUk _cUk |
||
| 082 | 0 | 4 |
_a658.83 _222 _bCAN |
| 100 | 1 |
_aCannon, Tom _935125 |
|
| 245 | 1 | 0 |
_aDistribution research / _cTom Cannon. |
| 250 | _a1st ed. | ||
| 260 |
_aAylesbury, United Kingdom : _bInternational Textbook Company Limited, _c1973. _e(Guildford, United Kingdom : _fBilling & Sons Ltd.) |
||
| 300 |
_axi, 100 p. : _bchart, forms, tables ; _c22 cm. |
||
| 490 | 1 | _aIntertext marketing research series | |
| 500 | _aIncludes indexes. | ||
| 504 | _aIncludes bibliographies references. | ||
| 650 | 0 |
_aMarketing research _920890 |
|
| 653 |
_bBUSADM _cFebruary2014 |
||
| 655 |
_vreading book _934232 |
||
| 800 | 1 |
_935126 _aSutcliffe, Jack _tIntertext marketing research series |
|
| 800 | 1 |
_935127 _aWoodcock, Peter _tIntertext marketing research series |
|
| 942 |
_2ddc _k658.83 CAN |
||
| 999 |
_c18051 _d18023 |
||